[Event "Bengaluru Karnataka op"]
[Site "Bengaluru"]
[Date "2018.04.15"]
[Round "3"]
[White "Brijesh, M."]
[Black "Girish, A Koushnik"]
[Result "0-1"]
[WhiteElo "1358"]
[BlackElo "2401"]
[PlyCount "68"]
[EventDate "2018.04.14"]
[EventType "swiss"]
[EventRounds "10"]
[EventCountry "IND"]
[SourceTitle "CBM 184 Extra"]
[Source "ChessBase"]
[SourceDate "2018.06.28"]
[SourceVersion "1"]
[SourceVersionDate "2018.06.28"]
[SourceQuality "1"]

1. e4 e5 2. Nf3 Nc6 3. Bc4 Nf6 4. d3 Be7 5. c3 0-0 6. b4 a6 7. a4 d5 8. exd5 Nxd5 9. 0-0 Bg4 10. Bb2 Nf4 11. Bc1 g5 12. Bxf4 gxf4 13. Nbd2 Bd6 14. Ne4 Kh8 15. h3 Bh5 16. Nxd6 cxd6 17. Bd5 Rg8 18. Kh2 Rg7 19. g4 fxg3+ 20. fxg3 f5 21. Qe1 Ne7 22. Bb3 Ng6 23. Qf2 Bxf3 24. Qxf3 f4 25. g4 Rc8 26. Rac1 Qf6 27. Bd5 Rcc7 28. c4 Nh4 29. Qf2 h5 30. Rg1 hxg4 31. hxg4 Rh7 32. Be4 f3 33. Rg3 Qf4 34. Bxh7 Rxh7 0-1